| 000 | 00432nam a2200181Ia 4500 | ||
|---|---|---|---|
| 005 | 20250603144528.0 | ||
| 008 | 250603s9999 xx 000 0 und d | ||
| 020 | _a9781119833963 | ||
| 050 | _aNA 2543 .R37/ | ||
| 100 | _aEdited by Jill Stoner and Ozayr Saloojee | ||
| 245 | 0 | _aArchitecture of refusal | |
| 260 | _aUK | ||
| 260 | _bJohn Wiley & Sons Ltd | ||
| 260 | _c2022 | ||
| 300 | _a136 p | ||
| 650 | _aUK | ||
| 942 | _cBK | ||
| 999 |
_c39193 _d39193 |
||